100 Biggest Cities of Asia in 1205 with a Map - Statistics

General Stats
  • This quiz has been taken 1,413 times
  • The average score is 27 of 100
Answers on the Map
Answers color-coded by a green-red scale on the quiz's map according to % correct below.
 
Answer Stats
Population City % Correct
130k Zhongdu (Beijing)
90%
160k Baghdad
88%
50k Al-Quds (Jerusalem)
86%
60k Delhi
84%
100k Heian-kyo (Kyoto)
83%
90k Damascus
80%
80k Ray
80%
70k Mecca
78%
110k Guangzhou
76%
45k Seogyeong (Pyongyang)
74%
150k Chang'an (Xi'an)
72%
40k Thăng Long (Hanoi)
70%
130k Jiankang (Nanjing)
68%
80k Tiflis (Tbilisi)
68%
45k Aleppo
64%
70k Isfahan
60%
80k Wuchang (Wuhan)
60%
300k Angkor (Siem Reap)
57%
50k Basra
56%
55k Lahore
54%
60k Samarkand
54%
45k Chengdu
52%
50k Mosul
50%
500k Lin'an (Hangzhou)
48%
40k Tabriz
48%
60k Trebizond (Trabzon)
45%
40k Shiraz
43%
50k Qom
41%
50k Fuzhou
40%
70k Konya
40%
40k Antioch (Antakya)
39%
45k Herat
37%
70k Bukhara
34%
40k Hyōgo-ku (Kobe)
33%
65k Merv (Mary)
33%
65k Suzhou
31%
100k Varanasi
30%
100k Dali
28%
50k Xijing (Luoyang)
27%
40k Sainct-Jehan-d'Acre (Acre)
26%
40k Gopakapattana (Tiswadi)
24%
100k Bianliang (Kaifeng)
21%
40k Hormuz
20%
40k Kayseri
20%
40k Diyar Bakr (Diyarbekir)
19%
40k Karnu-Kalaki (Erzurum)
19%
40k Madurai
19%
180k Bagan
18%
30k Multan
18%
30k Kerman
16%
45k Sivas
15%
45k Vijaya (Nhơn Hậu)
15%
40k Bago
13%
40k Kashgar
13%
40k Kozhikode
13%
40k Longxing (Nanchang)
12%
80k Nishapur
11%
70k Quanzhou
11%
175k Kamakura
10%
80k Xingqing (Yinchuan)
10%
30k Balkh
9%
70k Gurganj (Konye-Urgench)
9%
40k Hamadan
9%
100k Kataka (Cuttack)
9%
50k Yangzhou
9%
30k Gaegyeong (Kaesong)
8%
40k Datong
7%
60k Gauḍa
7%
95k Ghazni
7%
40k Sukhothai (Sukhothai Thani)
6%
40k Taizhou
6%
55k Thanjavur
6%
45k Xiangyang
6%
30k Dongjing (Liaoyang)
5%
50k Firozkoh (Chaghcharan)
5%
50k Jingdezhen
5%
70k Purushottamkshetra (Puri)
5%
100k Kanyakubja (Kannauj)
4%
40k Kish
4%
75k Kollam
4%
85k Tianshui
4%
40k Ujjain
4%
60k Anhilpur (Patan)
3%
30k Dhar
3%
250k Gangaikonda Cholapuram
3%
40k Kanchipuram
3%
50k Khambhat
3%
50k Orugallu (Warangal)
3%
65k Otrar
3%
75k Polonnaruwa
3%
45k Balasaghun
2%
55k Chittorgarh
2%
60k Dorasamudra (Halebidu)
2%
40k Hariphunchai
2%
55k Kalyan
2%
30k Nudiya (Nabadwip)
2%
60k Haining
1%
50k Kalinjar (Khajuraho)
1%
40k Kayalpattinam
1%
50k Kolar
1%
No matching quizzes found
Score Distribution
Percent of People with Each Score
Percentile by Number Answered
Your Score History
You have not taken this quiz